01701nab a2200253uuc4500001000800000005001700008008004100025035001200066035002100078040001300099041000800112100005000120245008900170520080900259650003001068650002601098650003201124650002601156650003001182700004101212773016501253942001001418999001901428126345520240202103421.0111108e20110601 spa  a1263455 a(OCoLC)820616439 ccomduadb aspa10aValenzuela Toledo, Cesar A.4auteaut963371310aAnisotropía estadística, no gaussianidad, y perturbaciones en campos vectoriales3 aSe estudian los descriptores estadísticos (nivel de anisotropía estadística y niveles de no gaussianidad) de la pertubación primordial en la curvatura para modelos cosmológicos inflacionarios que incluyen campos escalares y vectoriales, estos ultimos propuestos para incluir violaciones de la isotropía estadística. Para estos modelos se encuentra que es posible obtener relaciones de consistencia entre los descriptores estadísticos, los cuales poseen una contraparte observacional y que por ende permiten validar o desechar un modelo teórico. Finalmente se muestra que los resultados obtenidos están de acuerdo con los datos observacionales más recientes. Como un subproducto de este estudio, presentamos en este artículo la definición del verdadero principio cosmológico. 7aCosmología2lemb931944 aAnisotropía9104159 aEstadistica espacial981417 aPerturbación963219 aCampos vectoriales93548910aRodriguez, Yeinzon4auteaut95671200 tRevista de la Academia Colombiana de Ciencias Exactas, Físicas y Naturales (Bogotá)gVolumen 35, Número 135, Junio 2011, 175-187w100681x0370-3908093888 cARIMP c599310d599310